|
|
|
|
| LEADER |
00000nam0a2200000 4500 |
| 001 |
257790 |
| 005 |
20231101233233.0 |
| 010 |
|
|
|a 5010017202
|
| 020 |
|
|
|a RU
|b 88-16158
|
| 035 |
|
|
|a (RuTPU)RU\TPU\book\280608
|
| 090 |
|
|
|a 257790
|
| 100 |
|
|
|a 20140419d1988 k y0rusy5003 ca
|
| 101 |
1 |
|
|a rus
|c jpn
|
| 102 |
|
|
|a RU
|
| 105 |
|
|
|a y z 000zy
|
| 200 |
1 |
|
|a Третий радужный мост. Поиск человека и мира
|f Икэда Д., Логунов А.
|
| 210 |
|
|
|a Москва
|c Прогресс
|d 1988
|
| 215 |
|
|
|a 184 с.
|
| 606 |
1 |
|
|a Сосуществование государств
|2 stltpush
|3 (RuTPU)RU\TPU\subj\55606
|9 73615
|
| 610 |
1 |
|
|a глобальные проблемы современности
|
| 610 |
1 |
|
|a международные отношения
|
| 610 |
1 |
|
|a история
|
| 610 |
1 |
|
|a 20 век
|
| 610 |
1 |
|
|a ядерная война
|
| 610 |
1 |
|
|a мирное сосуществование
|
| 610 |
1 |
|
|a мирное урегулирование
|
| 610 |
1 |
|
|a гуманистические концепции
|
| 610 |
1 |
|
|a разоружение
|
| 686 |
|
|
|a Ф4(0)30
|2 rubbk
|
| 700 |
|
1 |
|a Икэда
|b Д.
|g Дайсаку
|
| 701 |
|
1 |
|a Логунов
|b А. А.
|g Анатолий Алексеевич
|
| 801 |
|
0 |
|a RU
|b RuMRKP
|c 19950417
|g psbo
|
| 801 |
|
1 |
|a RU
|b 63413507
|c 20140419
|
| 801 |
|
2 |
|a RU
|b 63413507
|c 20141013
|g RCR
|
| 942 |
|
|
|c BK
|